000 00434nam a2200157Ia 4500
003 GCL
008 140319s9999 xx 000 0 eng d
040 _aGCL /
_cGCL
082 0 4 _a621.3192
_bD I
100 1 _aDORF, RICHARD C.
245 1 0 _aINTRODUCTION TO ELECTRIC CIRCUITS, 2nd ed /
_cDORF, RICHARD C.
260 _a[S.N] :
_bJOHN WILEY AND SONS. INC ،
_c1993
300 _a874 P
650 0 4 _aELECTRIC CIRCUIT
942 _2ddc
_cBK
999 _c20179
_d20179